في ظلال القرآن : (Record no. 15811)
[ view plain ]
| 000 -الفاتح | |
|---|---|
| حقل البيانات ثابتة الطول | 00845nam a22001937a 4500 |
| 008 - عناصر البيانات ثابتة الطول - معلومات عامة | |
| حقل البيانات ثابتة الطول | 110811s1993 ua||||| |||| 00| 0 ara d |
| 020 ## - الرقم الدولى المعيارى للكتب | |
| الرقم الدولى المعيارى للكتاب | 9772571234 |
| 082 ## - رقم تصنيف ديوى العشرى | |
| رقم الطبعة | 22 |
| رقم التصنيف | 297 |
| رقم المادة | ك ا ر |
| 100 1# - المدخل الرئيسى - إسم شخصى | |
| 9 (RLIN) | 26661 |
| الإسم الشخصى | كاريه ، أوليفييه |
| 245 ## - بيان العنوان | |
| العنوان | في ظلال القرآن : |
| بقية العنوان | رؤية استشراقية فرنسية / |
| بيان المسئوليه,etc | أوليفييه كاريه ؛ ترجمة محمد رضا عجاج |
| 300 ## - الوصف المادى | |
| التعداد | 390 ص ؛ |
| أبعاد الوعاء | 24 سم. |
| 504 ## - تبصرة ببليوجرافية | |
| تبصرة ببليوجرافية,الخ | يشتمل على إرجاعات ببليوجرافية 379 - 387 |
| 650 ## - المدخل الاضافى بالموضوع-مصطلح موضوعى | |
| 9 (RLIN) | 13667 |
| مصطلح موضوعي أو اسم جغرافي كعنصر مدخل | الإسلام |
| 650 ## - المدخل الاضافى بالموضوع-مصطلح موضوعى | |
| 9 (RLIN) | 13668 |
| مصطلح موضوعي أو اسم جغرافي كعنصر مدخل | الإسلام والمجتمع |
| 653 ## - مصطلح تكشيفى غير مقيد | |
| Resource For college | |
| Arrived date list | August2011 |
| 700 1# - المدخل الاضافى - اسم شخصى | |
| 9 (RLIN) | 26662 |
| الإسم الشخصى | عجاج ، محمد رضا |
| الدور | ترجمة |
| 942 ## - عناصر المدخل الإضافي( كوها) | |
| مصدر التصنيف او مخطط الترفيف | Dewey Decimal Classification |
| Koha [default] item type | Book - Borrowing |
| حالة التراجع | حالة الفقد | مصدر التصنيف او خطة الترفيف | حالة تلف | ليس للاعارة | مجموعات كوها | المكان الدائم | المكان الحالي | موقع الترفيف | تاريخ الاكتساب | رقم الاستدعاء | الباركود | Date last seen | نوع الوعاء |
|---|---|---|---|---|---|---|---|---|---|---|---|---|---|
| Dewey Decimal Classification | Alef-Baa | Central Library | Central Library | Lower Floor | 11/08/2011 | 297 ك ا ر | 000024532 | 15/07/2025 | Book - Borrowing |